Score 0/74 Timer 10:00
3 Plays Today
Category Country/City % Correct
Most Populous CountriesChina
95.6%
Most Populous CountriesUnited States
93.5%
Most Populous CountriesIndia
93.1%
Most Populous CountriesRussia
86.8%
Most Populous CountriesBrazil
86%
Most Populous CountriesFrance
83.2%
Most Populous World MetrosNew York, United States
82.8%
Most Populous CountriesJapan
82.5%
Most Populous CountriesYemen
80.8%
Least Populous CountriesYemen
80.8%
Most Populous World MetrosLos Angeles, United States
80.2%
Most Populous CountriesQatar
79.9%
Least Populous CountriesQatar
79.9%
Most Populous CountriesGermany
79.8%
Most Populous CountriesMexico
79.7%
Least Populous CountriesVatican City
79.1%
Most Populous CountriesOman
77.6%
Least Populous CountriesOman
77.6%
Least Populous CountriesZimbabwe
77.6%
Most Populous CountriesZambia
76.4%
Most Populous CountriesArgentina
75.6%
Most Populous World MetrosTokyo, Japan
74.4%
Most Populous World MetrosBeijing, China
74.1%
Most Populous CountriesNigeria
65.9%
Most Populous CountriesVietnam
65.4%
Most Populous CountriesEthiopia
65.1%
Least Populous CountriesAndorra
64.7%
Most Populous CountriesPakistan
63.7%
Most Populous World MetrosParis, France
63.4%
Least Populous CountriesMonaco
61.8%
Most Populous CountriesTurkey
60.9%
Most Populous CountriesHaiti
60.6%
Least Populous CountriesFiji
59.3%
Most Populous CountriesKenya
57.7%
Least Populous CountriesLiechtenstein
56.5%
Least Populous CountriesSan Marino
56.2%
Least Populous CountriesNauru
55.9%
Category Country/City % Correct
Least Populous CountriesTuvalu
55.3%
Least Populous CountriesPalau
55.3%
Most Populous World MetrosShanghai, China
55.3%
Most Populous CountriesDemocratic Republic of the Congo
54.5%
Least Populous CountriesKiribati
53.9%
Least Populous CountriesJamaica
53.3%
Least Populous CountriesHonduras
52.8%
Most Populous CountriesLaos
52.2%
Most Populous CountriesSouth Africa
51.1%
Least Populous CountriesIceland
50.3%
Most Populous World MetrosManila, Philippines
50%
Least Populous CountriesUruguay
48.1%
Most Populous World MetrosJakarta, Indonesia
46%
Least Populous CountriesDominica
45.2%
Least Populous CountriesBarbados
41.3%
Most Populous World MetrosDelhi, India
40.8%
Most Populous World MetrosCairo, Egypt
39.6%
Least Populous CountriesGrenada
39.4%
Most Populous World MetrosRio de Janeiro, Brazil
38%
Most Populous World MetrosIstanbul, Turkey
32.1%
Least Populous CountriesEquatorial Guinea
30.1%
Least Populous CountriesCabo Verde
29.7%
Most Populous World MetrosOsaka, Japan
27.6%
Most Populous World MetrosGuangzhou, China
26%
Most Populous World MetrosKarachi, Pakistan
25.2%
Least Populous CountriesRepublic of the Congo
19.6%
Most Populous World MetrosXiamen, China
16.4%
Most Populous World MetrosWuhan, China
16.4%
Most Populous World MetrosVancouver, Canada
12.7%
Most Populous World MetrosHyderabad, India
11%
Most Populous World MetrosAhmedabad, India
9.8%
Most Populous World MetrosYangon, Myanmar
8%
Most Populous World MetrosÜrümqi, China
7.8%
Most Populous World MetrosQingdao, China
7.4%
Most Populous World MetrosZhengzhou, China
5.3%
Most Populous World MetrosEdmonton, Canada
5.2%
Most Populous World MetrosFaisalabad, Pakistan
4.8%
Remove Ads.
Support Sporcle.
Get the best of Sporcle when you Go Orange. This ad-free experience offers more features, more stats, and more fun while also helping to support Sporcle. Thank you for becoming a member.

You're not logged in!

Compare scores with friends on all Sporcle quizzes.
OR
Log In

Show Comments

Extras

Top Quizzes Today


Score Distribution

Your Account Isn't Verified!

In order to create a playlist on Sporcle, you need to verify the email address you used during registration. Go to your Sporcle Settings to finish the process.

Report this User

Report this user for behavior that violates our Community Guidelines.

Details: